All Countries in their Official Languages - Statistics

General Stats
  • This quiz has been taken 30 times
  • The average score is 165 of 196
Answer Stats
Hint Country % Correct
Argentina Argentina
100%
België Belgium
100%
Brasil Brazil
100%
Brunei Brunei
100%
Canada Canada
100%
Deutschland Germany
100%
Guyana Guyana
100%
Mexico Mexico
100%
Monaco Monaco
100%
New Zealand New Zealand
100%
Norge Norway
100%
Portugal Portugal
100%
Uruguay Uruguay
100%
Andorra Andorra
96%
Angola Angola
96%
Antigua and Barbuda Antigua and Barbuda
96%
Australia Australia
96%
Österreich Austria
96%
Azərbaycan Azerbaijan
96%
Bahamas Bahamas
96%
Barbados Barbados
96%
Belize Belize
96%
Bénin Benin
96%
Bolivia Bolivia
96%
Bosna i Hercegovina Bosnia and Herzegovina
96%
Botswana Botswana
96%
Burkina Faso Burkina Faso
96%
Uburundi Burundi
96%
Cabo Verde Cape Verde
96%
Chile Chile
96%
Colombia Colombia
96%
Costa Rica Costa Rica
96%
Cuba Cuba
96%
Danmark Denmark
96%
República Dominicana Dominican Republic
96%
Timór-Leste East Timor
96%
Ecuador Ecuador
96%
El Salvador El Salvador
96%
Federated States of Micronesia Federated States of Micronesia
96%
Suomi Finland
96%
France France
96%
Gabon Gabon
96%
The Gambia Gambia
96%
Ghana Ghana
96%
Grenada Grenada
96%
Guatemala Guatemala
96%
Guinée Guinea
96%
Guiné-Bissau Guinea-Bissau
96%
Haïti Haiti
96%
Honduras Honduras
96%
Ísland Iceland
96%
Indonesia Indonesia
96%
Ireland Ireland
96%
Italia Italy
96%
Côte d'Ivoire Ivory Coast
96%
Jamaica Jamaica
96%
Қазақстан Kazakhstan
96%
Kenya Kenya
96%
Kiribati Kiribati
96%
Kosova Kosovo
96%
Latvija Latvia
96%
Lesotho Lesotho
96%
Liberia Liberia
96%
Liechtenstein Liechtenstein
96%
Lietuva Lithuania
96%
Luxembourg Luxembourg
96%
Malaŵi Malawi
96%
Malaysia Malaysia
96%
Mali Mali
96%
Malta Malta
96%
Moldova Moldova
96%
Moçambique Mozambique
96%
Namibia Namibia
96%
Nederland Netherlands
96%
Nicaragua Nicaragua
96%
Niger Niger
96%
Nigeria Nigeria
96%
Palau Palau
96%
Panama Panama
96%
Papua Niugini Papua New Guinea
96%
Paraguay Paraguay
96%
Peru Peru
96%
Pilipinas Philippines
96%
Polska Poland
96%
România Romania
96%
Россия Russia
96%
Rwanda Rwanda
96%
Saint Kitts and Nevis Saint Kitts and Nevis
96%
Saint Lucia Saint Lucia
96%
Saint Vincent and the Grenadines Saint Vincent and the Grenadines
96%
Sāmoa Samoa
96%
San Marino San Marino
96%
São Tomé e Príncipe São Tomé and Príncipe
96%
Sénégal Senegal
96%
Србија / Srbija Serbia
96%
Sierra Leone Sierra Leone
96%
Singapore Singapore
96%
Slovensko Slovakia
96%
Slovenija Slovenia
96%
Solomon Islands Solomon Islands
96%
Soomaaliya Somalia
96%
South Africa South Africa
96%
South Sudan South Sudan
96%
España Spain
96%
Suriname Suriname
96%
Schweiz Switzerland
96%
Tanzania Tanzania
96%
Togo Togo
96%
Tonga Tonga
96%
Trinidad and Tobago Trinidad and Tobago
96%
Türkiye Turkey
96%
Türkmenistan Turkmenistan
96%
Tuvalu Tuvalu
96%
Uganda Uganda
96%
United Kingdom United Kingdom
96%
O'zbekiston Uzbekistan
96%
Vanuatu Vanuatu
96%
Città del Vaticano Vatican City
96%
Venezuela Venezuela
96%
Việt Nam Vietnam
96%
Zambia Zambia
96%
Zimbabwe Zimbabwe
96%
Cameroun Cameroon
92%
Tchad Chad
92%
Komori Comoros
92%
Česká republika Czech Republic
92%
République démocratique du Congo Democratic Republic of the Congo
92%
Dominica Dominica
92%
Guinea Ecuatorial Equatorial Guinea
92%
Magyarország Hungary
92%
Madagasikara Madagascar
92%
Naoero Nauru
92%
Македонија North Macedonia
92%
République du Congo Republic of the Congo
92%
Umbuso weSwatini Swaziland
92%
United States United States
92%
中国 China
88%
Ελλάδα Greece
88%
Кыргызстан Kyrgyzstan
88%
Maurice Mauritius
88%
조선 North Korea
88%
한국 South Korea
88%
Sverige Sweden
88%
Shqipëri Albania
84%
Hrvatska Croatia
84%
Україна Ukraine
84%
Eesti Estonia
80%
日本 Japan
80%
台灣 Taiwan
80%
Беларусь Belarus
76%
Κύπρος Cyprus
76%
Тоҷикистон Tajikistan
76%
বাংলাদেশ Bangladesh
72%
Viti Fiji
72%
भारत India
72%
ประเทศไทย Thailand
72%
България Bulgaria
68%
Ködörösêse tî Bêafrîka Central African Republic
68%
ישראל Israel
68%
Монгол Улс Mongolia
68%
Crna Gora / Црна Гора Montenegro
68%
Հայաստան Armenia
64%
საქართველო Georgia
64%
नेपाल Nepal
64%
الإمارات العربية المتحدة United Arab Emirates
60%
འབྲུག་ཡུལ་ Bhutan
56%
កម្ពុជា Cambodia
56%
ኢትዮጵያ Ethiopia
56%
ປະເທດລາວ Laos
56%
မြန်မာနိုင်ငံ Myanmar
56%
ኤርትራ Eritrea
52%
ශ්රී ලංකාව Sri Lanka
52%
Sesel Seychelles
48%
ایران Iran
44%
العراق Iraq
44%
افغانستان Afghanistan
40%
پاکستان Pakistan
40%
الجزائر Algeria
36%
البحرين Bahrain
36%
مصر Egypt
36%
ليبيا Libya
36%
ދިވެހިރާއްޖެ Maldives
36%
موريتانيا Mauritania
36%
المغرب Morocco
36%
سلطنة عمان Oman
36%
السعودية Saudi Arabia
36%
جيبوتي Djibouti
32%
الأردن Jordan
32%
الكويت Kuwait
32%
لبنان Lebanon
32%
قطر Qatar
32%
سوريا Syria
32%
تونس Tunisia
32%
اليمن Yemen
32%
السودان Sudan
28%
Ṃajeḷ Marshall Islands
24%
No matching quizzes found
Score Distribution
Percent of People with Each Score
Percentile by Number Answered
Your Score History
You have not taken this quiz